| LEADER |
01098nam0a2200229 450 |
| 001 |
16867708 |
| 010 |
|
|
|a 978-2-7556-2326-0
|b br.
|d 17
|
| 100 |
|
|
|a 20160727d2016 u u0frey01 ba
|
| 101 |
1 |
|
|a fre
|c eng
|
| 102 |
|
|
|a FR
|
| 200 |
0 |
|
|a Landon
|e apprendra-t-il à écouter ses désirs ?
|f Anna Todd
|g traduit de l'américain par Alexia Barat
|
| 207 |
|
1 |
|a
|
| 210 |
|
|
|a Paris
|c Hugo Roman
|d 2016
|
| 215 |
|
|
|a 1 vol. (375 p.)
|d 21 x 13 cm
|
| 225 |
1 |
|
|a New romance
|x 2275-6345
|
| 330 |
|
|
|a Tomaison. Landon est sportif, gentil et beau. Lorsque sa petite amie Dakota part étudier la danse à New York, il décide de la suivre. Rapidement, la jeune femme rompt, mais quand Landon entame une liaison avec la secrète Nora, Dakota revient vers lui. Lui-même sous le choc de la révélation d'un secret de famille, il demande de l'aide à sa colocataire Tessa.
|
| 461 |
|
0 |
|t Nothing
|v 01
|
| 606 |
0 |
|
|a Littérature américaine
|
| 700 |
|
0 |
|a Todd
|b Anna
|4 70
|
| 900 |
|
|
|a Roman
|
| 901 |
|
|
|a Adultes
|
| 995 |
|
|
|a Médiathèque
|c Médiathèque
|f 00156012320156
|h 00156012320156
|k R TOD NOT 1
|o p
|q a
|r az
|e Médiathèque
|